000 01118nam a22002657a 4500
001 000563
003 DO-SdBNP
005 20170915084755.0
007 000563
008 161018b 2010 mx a ||||| |||| 00| 0 spa d
020 _a9687999195
040 _aBPMSU
_bspa
_cBPMSU
082 _aR 465
_bB582g
245 1 0 _aGramática /
_cequipo editorial ; Carmen C. Chávez Reyes, Alvaro León de la Cruz
246 3 4 _aLa biblia de la gramática
260 0 _aMéxico, D.F. :
_bLetrarte ;
_bLexus,
_c2010.
300 _a1037 p. :
_bil. ;
_c28 cm.
505 0 _gPrimera parte
_tLos inicios. --
_gSegunda parte
_tLenguaje. --
_gTercera parte
_tMorfosintaxis. --
_gCuarta parte
_tSintaxis. --
_gQuinta parte
_tConjugaciones. --
_gSexta parte
_tCompendio. --
_gSéptima parte
_tParticularidades del lenguaje. --
_gOctava parte
_tLiteratura. --
_gNovena parte
_tEjercicios.
650 4 _aESPAÑOL
_xGRAMÁTICA
700 1 2 _aChávez Reyes, Carmen C.
_eed.
700 1 2 _aLeón de la Cruz, Alvaro,
_eed.
910 _aValidado. Control de calidad MFF
942 _2ddc
_cBK
956 _2LOPEREZ
_310
_620161018
_8BPMSU
_a00041
999 _c11591
_d11591